LEADER 01323nam a2200253 i 4500 001 000000073623 003 CaOOAMICUS 005 20250827101815.0 008 131021s1840 xx u000 u fre u 013 $a44795 040 $aSeMil$bita 100 1 $aCousin, Victor,$d<1792-1867>.$0(OLS)http://semarc/name/5524 245 10$aDe la métaphysique d'Aristote :$brapport sur le concours ouvert par l'Académie des sciences morales et politiques ; suivi d'un essai de l'introduction du premier e du douzième livres de la métaphysique /$cpar V. Cousin. 250 $a3. éd. 260 $aBruxelles :$bSociété Belge de Librairie,$c1840$f(Imp. de Hauman & C.) 300 $a222 p. ;$c17 cm. 650 4$aAristotele <384-322 a.C.> . Metafisica.$0(OLS)http://semarc/subject/1263 850 $aSeMil 852 $aSeMil$W1$xVenegono$y1$m2R I 75 FA$j39775$B39775$CSeMilBibl$Z2$F39779 $8I 941 1 $a10 961 $aRecupero: Mantegazza 996 $6245$aDe la métaphysique d'Aristote :$brapport sur le concours ouvert par l'Académie des sciences morales et politiques ; suivi d'un essai de l'introduction du premier e du douzième livres de la métaphysique$9(OLS)http://semarc/title/118876 996 $6260$aBruxelles :$bSociété Belge de Librairie$9(OLS)http://semarc/publisher/30903 LEADER 01141nam a2200265 i 4500 001 000000036493 003 CaOOAMICUS 005 20240405143724.0 008 080328s1990 it u000 u ita u 013 $a6128 020 $a88-452-1619-5 040 $aSeMil$bita 245 10$aRomanzi e racconti :$b1895-1903 /$ca cura di Mario Curreli. 300 $aCIX, 1203 p. 490 0 $aClassici Bompiani 500 $aContiene : La follia di Almayer ; Gli idioti ; Un avamposto del progresso ; Il negro del "Narcissus" ; Lord Jim ; Gioventù ; Cuore di tenebra ; Tifone ; Falk 700 1 $aCurreli, Mario.$0(OLS)http://semarc/name/17192 773 0 $aConrad, Joseph <1857-1924>$tOpere.$dMilano : Bompiani, 1990.$kClassici Bompiani$w()19358 830 0$aClassici Bompiani.$0(OLS)http://semarc/title/11379 850 $aSeMil 852 $aSeMil$W1$xVenegono$y1$m1V II 106$j2648$B2648$CSeMilBibl$Z2$F2648 $81 961 $aAcquisto: Pontiggia (Libreria) 996 $6020$a88-452-1619-5$9(OLS)http://semarc/number/5151 996 $6245$aRomanzi e racconti :$b1895-1903$9(OLS)http://semarc/title/50543